Sancak, devlet, millet / (Kayıt no. 9755)

MARC ayrıntıları
000 -BAŞLIK
Sabit Uzunluktaki Kontrol Alanı 00534nam a22001937a 4500
003 - KONTROL NUMARASI KİMLİĞİ
Kontrol Alanı KOHA_MİRAKIL
005 - EN SON İŞLEM TARİHİ ve ZAMANI
Kontrol Alanı 20251218101336.0
008 - SABİT UZUNLUKTAKİ VERİ ÖGELERİ - GENEL BİLGİ
Sabit Alan 251218b tu ||||| |||| 00| 0 tur d
020 ## - ISBN - ULUSLARARASI STANDART KİTAP NUMARASI
Isbn 9786058838307
040 ## - KATALOGLAMA KAYNAĞI
Özgün Kataloglama Kurumu TR-AnABB
Kataloglama Dili tur
Çeviri Kurumu TR-AnABB
041 ## - DİL KODU
Metin ya da ses kaydının dil kodu tur
082 ## - DEWEY ONU SINIFLAMA SİSTEMİ
Sınıflama Numarası 956.1023
Cutter numarası MUR 2015
100 1# - KİŞİ ADI
Yazar Adı (Kişi adı) Mursaloğlu, Mehmet,
245 10 - ESER ADI BİLDİRİMİ
Başlık Sancak, devlet, millet /
Sorumluluk Bildirimi Mehmet Mursaloğlu
260 ## - YAYIN, DAĞITIM, VB.
Yayın Yeri Hatay :
Yayınevi Color Ofset,
Yayın Tarihi 2015
300 ## - FİZİKSEL TANIMLAMA
Sayfa, Cilt vb. 560 sayfa ;
Boyutları 27 cm
650 04 - KONU BAŞLIĞI EK GİRİŞ - KONU TERİMİ
Konusal terim veya coğrafi ad Kurtuluş Savaşı
942 ## - EK GİRİŞ ÖGELERİ (KOHA)
Sınıflama Kaynağı Dewey Decimal Classification
Materyal Türü Kitap
900 ## - YEREL BİLGİ
Kontrol Gizem YORULMAZ
Mevcut
Geri Çekilme Durumu Kayıp Durumu Sınıflandırma Kaynağı Kredi için değil Kalıcı Konum Mevcut Konum Kayıt Tarih Toplam Ödünçverme Yer Numarası Demirbaş Numarası Son Görülme Tarihi Fatura Tarihi Materyal Türü
    Dewey Decimal Classification   Büyükşehir Genç Akademi Batıkent Büyükşehir Genç Akademi Batıkent 18/12/2025   956.1023 MUR 2015 ABB125993 18/12/2025 18/12/2025 Kitap